000 00784nac a22002171u 4500
020 _a007111551X
082 _a658.15
_bBRE
090 _c8655
_d8655
100 _aBrealey, Richard A.
245 _aCorporate finance/
_bRichard A. Brealey, Stewart C. Myers and Franklin Allen
260 _aBoston:
_bMcGraw-hill,2006
_c2006
300 _a1 v.:
_bcol. ill.;
_c24 cm.+
_e1 CD-ROM
500 _adistributer: Baccah
504 _aIncludes bibliographical references and index
511 _acatalogued by: wessam
650 _aCorporations
_x Finance.
700 _aMyers, Stewart C.
700 _aAllen, Franklin
942 _cBB
_k658.15BRE
999 _c8655
_d8655